| 000 | 00980-am-a2200205-a-4500 | ||
|---|---|---|---|
| 001 | 000096160 | ||
| 003 | AM-YEHGA | ||
| 005 | 20250617122126.0 | ||
| 008 | 990521s1980 ru ||||| |||| 00| 0 rus d | ||
| 040 | _aAM-YeHGA | ||
| 041 | 0 | _arus | |
| 245 | 0 | 0 |
_aИнформационные материалы о деятельности научного совета по проблеме "Пути и закономерности исторического развития животных и растительных организмов" в 1979 г. / _cРед. кол.: О.В. Амитров и др.; АН СССР. Патеонтологический ин-т. |
| 260 | 0 |
_aМосква : _bНаука. Гл. ред. вост. лит., _c1980. |
|
| 300 | _a82 с. | ||
| 650 | 1 | 4 | _aПалеоботаника |
| 700 | 1 | 0 |
_aАмитров, О.В. _4edt _eред. |
| 710 | 2 | _aПалеонтологический институт АН СССР | |
| 942 |
_2udc _cBK |
||
| 090 | _c31186 | ||
| 999 |
_c30757 _d30757 |
||